书目信息 |
| 题名: |
初中生必背古诗文名句名篇
|
|
| 作者: | 冰洁 编 | |
| 分册: | ||
| 出版信息: | 哈尔滨 黑龙江美术出版社 2017 |
|
| 页数: | 14,240页 | |
| 开本: | 24cm | |
| 丛书名: | ||
| 单 册: | ||
| 中图分类: | G634.303 | |
| 科图分类: | ||
| 主题词: | 古典诗歌--中国--初中--教学参考资料 , 文言文--初中--教学参考资料 | |
| 电子资源: | ||
| ISBN: | 978-7-5593-0163-5 | |
| 000 | 00735nam0 2200241 450 | |
| 001 | 012001004066 | |
| 005 | 20131016102641.0 | |
| 010 | @a978-7-5593-0163-5@dCNY29.80 | |
| 100 | @a20190226d2017 em y0chiy50 ea | |
| 101 | 0 | @achi |
| 102 | @aCN@b230000 | |
| 105 | @ay z 000gy | |
| 106 | @ar | |
| 200 | 1 | @a初中生必背古诗文名句名篇@Achu zhong sheng bi bei gu shi wen ming ju ming pian@f冰洁编 |
| 210 | @a哈尔滨@c黑龙江美术出版社@d2017@h2018印 | |
| 215 | @a14,240页@d24cm | |
| 300 | @a无障碍名著大阅读系列 | |
| 606 | 0 | @a古典诗歌@y中国@x初中@j教学参考资料 |
| 606 | 0 | @a文言文@x初中@j教学参考资料 |
| 690 | @aG634.303@v5 | |
| 701 | 0 | @a冰洁@Abing jie@4编 |
| 801 | @b江苏凤凰@c20191020 | |
| 905 | @b1234685-90@dG634.303@e1572@f6 | |
| 初中生必背古诗文名句名篇/冰洁编.-哈尔滨:黑龙江美术出版社,2017(2018印) |
| 14,240页;24cm |
| 无障碍名著大阅读系列 |
| ISBN 978-7-5593-0163-5:CNY29.80 |
| ● |
| 相关链接 |
|
|
|
|
正题名:初中生必背古诗文名句名篇
索取号:G634.303/1572
 
预约/预借
| 序号 | 登录号 | 条形码 | 馆藏地/架位号 | 状态 | 备注 |
| 1 | 1234685 | 212346852 | 第一样本阅览室/ [索取号:G634.303/1572] | 在馆 | |
| 2 | 1234686 | 212346861 | 教育系资料室/ [索取号:G634.303/1572] | 在馆 | |
| 3 | 1234687 | 212346870 | 第四借阅区/ [索取号:G634.303/1572] | 在馆 | |
| 4 | 1234688 | 212346889 | 第四借阅区/ [索取号:G634.303/1572] | 在馆 | |
| 5 | 1234689 | 212346898 | 教育系资料室/ [索取号:G634.303/1572] | 在馆 | |
| 6 | 1234690 | 212346905 | 教育系资料室/ [索取号:G634.303/1572] | 在馆 |